Word Ladder: One-Word TV Shows Quiz Stats

 Plays Quiz Updated Aug 9, 2014

Support Sporcle.
Go Orange.
Score 0/42 Timer 04:00
0 Plays Today
Clue 4-Letter Answer % Correct
Series set on mysterious island featuring plane crash survivorsLOST
96.6%
Mr. Schindler had one of theseLIST
95.2%
Ship's sail support structureMAST
92.5%
Sitcom following the staff of a US Army surgical hospital in KoreaM*A*S*H
91.3%
Watery weather phenomenonMIST
89.8%
Bottle topsCAPS
89.2%
Reality series following law enforcers' dealings with 'Bad Boys'COPS
88.4%
LassoROPE
84.6%
Tango & ____, 80's buddy cop filmCASH
82.3%
Shopping meccaMALL
82.1%
Historical drama set in ancient Italy featuring Julius Caesar and co.ROME
80.8%
Manage; persevere COPE
79.9%
____ Elliot, 'The Mamas & the Papas' singerCASS
79.2%
With next rung, sound of a door bellDING
79.1%
Bovine beverageMILK
79.1%
Sitcom set in a New York cab office run by an abusive dispatcherTAXI
78.9%
With previous rung, sound of a door bellDONG
78.8%
DomesticatedTAME
78.5%
Grind flourMILL
77.8%
NarcoticDRUG
77.7%
A percussion instrumentDRUM
76.9%
Clue 4-Letter Answer % Correct
Mindy's alien companionMORK
76.7%
80's, all-singing and dancing high school musical-drama seriesFAME
76%
Long dress styleMAXI
75.8%
Scholarly volumeTOME
75.7%
____ Reid, 'American Pie' actressTARA
74.6%
DweebDORK
74.2%
Addictive adhesiveGLUE
73.8%
High school musical-comedy following the New Directions choirGLEE
73.7%
Timbuktu's locationMALI
73.6%
Crime procedural featuring a former detective with OCDMONK
71.1%
Thousandth of a kiloGRAM
69%
In a sad moodGLUM
68.8%
Furry semi-aquatic mammalMINK
68.2%
Animation revolving around a shy 11½-year old with a secret crushDOUG
68%
Service chargeFARE
67.1%
One-eighth of a fluid ounceDRAM
66%
Shipping weightTARE
64.3%
Musical genre of early David BowieGLAM
63.8%
Groups of biologically related groupsTAXA
60.6%
Member of a childless couple with two jobsDINK
58.4%
Long daggerDIRK
58.2%

Today's Daily Dose

Missing Word
1961 Movies A-Z

Word Ladder
Study Light

Get the Picture
Bread and Butter

You're not logged in!

Compare scores with friends on all Sporcle quizzes.
OR
Log In

From the Vault

US Territories

by Matt

Get a jump on the U.S. Mint, as some of these territories will have a quarter made in their honor in 2009.
Remove Ads.
Support Sporcle.
Get the best of Sporcle when you Go Orange. This ad-free experience offers more features, more stats, and more fun while also helping to support Sporcle. Thank you for becoming a member.

Show Comments

Extras

Top Quizzes Today


Score Distribution

Your Account Isn't Verified!

In order to create a playlist on Sporcle, you need to verify the email address you used during registration. Go to your Sporcle Settings to finish the process.

Report this User

Report this user for behavior that violates our Community Guidelines.

Details: